Stranger Things Soundtrack - Sudden Death - Statistics

General Stats
  • This quiz has been taken 1,710 times
  • The average score is 7 of 18
Answers on the Grid
Answers color-coded by a green-red scale on the quiz's grid according to % correct below.
Toto: Africa
The Clash: Should I Stay or Should I Go
Scorpions: Rock You Like a Hurricane
Bon Jovi: Runaway
Cyndi Lauper: Time After Time
The Police: Every Breath You Take
Madonna: Material Girl
Wham: Wake Me Up Before You Go-Go
The Pointer Sisters: Neutron Dance
Limahl: Never Ending Story
The Beach Boys: California Dreaming
Kate Bush: Running Up That Hill
Talking Heads: Psyco Killer
Metallica: Master Of Puppets
Diana Ross: Upside Down
ABBA: Fernando
Michael Jackson: Rockin' Robin
Psycedelic Furs: Pretty in Pink
AC/DC: Thunderstruck
Bruce Springsteen: Born to Run
Guns N' Roses: Sweet Child of Mine
The Cure: Just Like Heaven
Depeche Mode: Just Can't Get Enough
U2: Sunday Bloody Sunday
Def Leppard: Hysteria
Tears for Fears: Everybody Wants to Rule the World
Pink Floyd: Another Brick in the Wall
Van Halen: Girl Gone Bad
 
Answer Stats
Answer % Correct
Kate Bush: Running Up That Hill
72%
The Clash: Should I Stay or Should I Go
63%
Diana Ross: Upside Down
60%
Metallica: Master Of Puppets
57%
Madonna: Material Girl
55%
Limahl: Never Ending Story
51%
The Police: Every Breath You Take
51%
Michael Jackson: Rockin' Robin
47%
Cyndi Lauper: Time After Time
43%
The Beach Boys: California Dreaming
39%
Toto: Africa
37%
ABBA: Fernando
35%
Scorpions: Rock You Like a Hurricane
26%
Talking Heads: Psyco Killer
26%
Bon Jovi: Runaway
20%
Wham: Wake Me Up Before You Go-Go
19%
Psycedelic Furs: Pretty in Pink
8%
The Pointer Sisters: Neutron Dance
8%
No matching quizzes found
Score Distribution
Percent of People with Each Score
Percentile by Number Answered
Your Score History
You have not taken this quiz